| 000 | 00611nam a22001937a 4500 | ||
|---|---|---|---|
| 999 |
_c2373 _d2373 |
||
| 003 | URS | ||
| 005 | 20220114153031.0 | ||
| 008 | 200226s2011 ph a|||| |||| 00| 0 eng d | ||
| 020 | _a9789712724749 | ||
| 040 |
_cURS _beng _drda |
||
| 050 | 1 | 4 |
_aTX 837 _b.Z948 2011 |
| 100 | 1 | _aZulueta-Dy,Dolly T. | |
| 245 | 1 | 0 |
_aPinoy vegetarian cookbook: _b60 recipes even non-vegetarian would love _cDolly T. Zulueta-Dy, Susana T. Dy |
| 260 |
_aManila: _bAnvil Publishing Incorporation; _c[2011] |
||
| 300 |
_axi 103 pages _bwith Illustration _c22 cm. |
||
| 650 | _aVegetarian Cooking | ||
| 700 | _aDy,Susana T. | ||
| 942 |
_2lcc _cF |
||